Kalitaddu kalisiddu (Record no. 123733)
[ view plain ]
| 000 -LEADER | |
|---|---|
| fixed length control field | 01405nam a2200217Ia 4500 |
| 003 - CONTROL NUMBER IDENTIFIER | |
| control field | OSt |
| 005 - DATE AND TIME OF LATEST TRANSACTION | |
| control field | 20251115100654.0 |
| 008 - FIXED-LENGTH DATA ELEMENTS--GENERAL INFORMATION | |
| fixed length control field | 210210b2020 xxu||||| |||| 00| 0 eng d |
| 020 ## - INTERNATIONAL STANDARD BOOK NUMBER | |
| International Standard Book Number | 9789382348832 |
| 040 ## - CATALOGING SOURCE | |
| Transcribing agency | AL |
| 041 ## - LANGUAGE CODE | |
| Language code of text/sound track or separate title | Kannada |
| 082 ## - DEWEY DECIMAL CLASSIFICATION NUMBER | |
| Classification number | K894.8 VIVK |
| 100 ## - MAIN ENTRY--PERSONAL NAME | |
| Personal name | VIVEKA RAI (B A) |
| 9 (RLIN) | 142722 |
| Dates associated with a name | ವಿವೇಕ ರೈ |
| 245 ## - TITLE STATEMENT | |
| Title | Kalitaddu kalisiddu |
| Remainder of title | ಕಲಿತದ್ದು ಕಲಿಸಿದ್ದು |
| 260 ## - PUBLICATION, DISTRIBUTION, ETC. | |
| Place of publication, distribution, etc. | Bengaluru |
| Name of publisher, distributor, etc. | Sawanna |
| Date of publication, distribution, etc. | 2020 |
| 300 ## - PHYSICAL DESCRIPTION | |
| Extent | 152 |
| 520 ## - SUMMARY, ETC. | |
| Summary, etc. | ತುಳು ವಿದ್ವಾಂಸರು, ಕನ್ನಡ ಪ್ರಾಧ್ಯಾಪಕರು, ವಿಮರ್ಶಕರು ಆದ ಡಾ.ಬಿ. ಎ. ವಿವೇಕ್ ರೈ ಅವರು ಬರೆದಿರುವ ಈ ಪುಸ್ತಕದಲ್ಲಿ ‘ಕಲಿಸುವಿಕೆ ‘ ಎನ್ನುವುದು ‘ಕಲಿಯುವಿಕೆ ‘ ಎನ್ನುವುದರ ಪ್ರಾಯೋಗಿಕ ರೂಪ ಅನ್ನುವ ಧ್ವನಿಯಿದೆ. ಒಬ್ಬ ಕಲಿಸುಗರಾಗಿ ಅವರು ಕಂಡುಕೊಂಡ ತಿಳುವಳಿಕೆಯ ಕಥನ ಇಪ್ಪತ್ತು ಬರಹಗಳಲ್ಲಿ ಇಲ್ಲಿ ಮೂಡಿ ಬಂದಿದೆ. ಇವು ಉದಯವಾಣಿ ಪತ್ರಿಕೆಯಲ್ಲಿ ಅವರು ಬರೆದ ಬರಹಗಳೂ ಆಗಿವೆ. |
| 690 ## - LOCAL SUBJECT ADDED ENTRY--TOPICAL TERM (OCLC, RLIN) | |
| Topical term or geographic name as entry element | Kannada Miscellaneous |
| 9 (RLIN) | 142727 |
| 906 ## - LOCAL DATA ELEMENT F, LDF (RLIN) | |
| a | 073973 |
| 942 ## - ADDED ENTRY ELEMENTS (KOHA) | |
| Source of classification or shelving scheme | Dewey Decimal Classification |
| Koha item type | Book |
| Withdrawn status | Lost status | Source of classification or shelving scheme | Damaged status | Not for loan | Collection code | Home library | Current library | Shelving location | Date acquired | Source of acquisition | Cost, normal purchase price | Total Checkouts | Full call number | Barcode | Date last seen | Price effective from | Koha item type |
|---|---|---|---|---|---|---|---|---|---|---|---|---|---|---|---|---|---|
| Dewey Decimal Classification | Kannada | St Aloysius Library | St Aloysius Library | 02/17/2021 | Biblios Book Point, Surathkal-575014 | 150.00 | K894.8 VIVK | 073973 | 02/17/2021 | 02/17/2021 | Book |